000 00652nam a22002057a 4500
005 20251108164646.0
008 250721s1985 xx 000 0 ara d
082 1 4 _a414.1/دقي
100 1 _aالدقيقي، تقي الدين سليمان عوض
245 1 0 _aإتفاق المباني و إفتراق المعاني /
264 1 _aعمان :
_bدار عمار،
_c1985.
300 _a319ص.
490 0 _aأسفار العربية ؛ 3
650 1 7 _aاللغة العربية
650 1 7 _aالبلاغة
650 1 7 _aالمعاني
700 1 _aجبر، يحيى عبد الرؤوف
_eتحقيق
942 _2ddc
_cBK
999 _c11129
_d11129